[Event "Kaupthing GM"]
[Site "Reykjavik ISL"]
[Date "2007.04.05"]
[Round "2"]
[White "Kjartansson,G"]
[Black "Shaw,J"]
[Result "1/2-1/2"]
[WhiteElo "2279"]
[BlackElo "2441"]

1.e4 d6 2.d4 Nf6 3.Nc3 e5 4.dxe5 dxe5 5.Qxd8+ Kxd8 6.Bg5 Be6 7.O-O-O+ Nd7
8.f4 exf4 9.Nf3 h6 10.Bxf4 c6 11.Nd4 Bb4 12.e5 Ng4 13.Nxe6+ fxe6 14.Ne4 Ke7
15.c3 Ba5 16.Be2 Ngxe5 17.Nc5 Nxc5 18.Bxe5 Ne4 19.Rhe1 Nf6 20.Bxf6+ Kxf6
21.Rd7 b5 22.Rf1+ Ke5 23.Bf3 b4 24.Re1+ Kf6 25.Bxc6 Rhd8 26.Rb7 Rab8 27.Rxa7 Bb6
28.Rd7 bxc3 29.bxc3 Ba5 30.Kc2 Rxd7 31.Bxd7 e5 32.a4 Rb7 33.Bb5 Rc7 34.Rf1+ Ke7
35.c4 Kd6 36.Kd3 Kc5 37.Rf8 Re7 38.Rc8+ Kb4 39.c5 Bc7 40.c6 e4+ 41.Ke3 Bxh2
42.Rd8 Bg1+ 43.Ke2 Bb6 44.Rd7 Rxd7 45.cxd7 Kc5 46.Ke3 Kd5+ 47.Kf4 g6 48.Ba6 Bc7+
49.Ke3 Ke5 50.Bc4 Bb6+ 51.Ke2 h5 52.Bf7 Kf6 53.Bd5 Kf5 54.g3 g5 55.Bf7 Kg4
56.a5 Bxa5 57.Ke3 Kxg3 58.Bxh5 g4  1/2-1/2

[Event "30th Open"]
[Site "San Sebastian ESP"]
[Date "2007.04.05"]
[Round "5"]
[White "Gonzalez de la Torre,S"]
[Black "Martin Alvarez,I"]
[Result "1-0"]
[WhiteElo "2388"]
[BlackElo "2173"]

1.e4 d6 2.d4 Nf6 3.Nc3 e5 4.Nf3 Nbd7 5.Bc4 Be7 6.O-O O-O 7.Re1 c6 8.a4 b6
9.Bg5 a6 10.d5 c5 11.Bf1 Ne8 12.Bc1 Rb8 13.Nd2 Bg5 14.Nc4 g6 15.g3 f5 16.exf5 gxf5
17.f4 exf4 18.h4 Bxh4 19.gxh4 Qxh4 20.Re2 Kh8 21.Rh2 Rg8+ 22.Bg2 Qg3 23.Ne2 Qf3
24.Ra3 Qe4 25.Rxh7+ Kxh7 26.Rh3+  1-0

[Event "30th Open"]
[Site "San Sebastian ESP"]
[Date "2007.04.05"]
[Round "5"]
[White "Llaneza Vega,P"]
[Black "Markosian,D"]
[Result "1/2-1/2"]
[WhiteElo "2249"]
[BlackElo "2352"]

1.e4 d6 2.d4 Nf6 3.Nc3 e5 4.Nf3 Nbd7 5.g4 Nxg4 6.Rg1 exd4 7.Nxd4 Nde5 8.h3 Nf6
9.f4 Ng6 10.Be3 c5 11.Nf3 Qe7 12.Qd3 Bd7 13.O-O-O O-O-O 14.Bg2 Bc6 15.Rge1 Qc7
16.Bh1 Be7 17.Ng5 Rhf8 18.Qc4 Nh8 19.e5 dxe5 20.fxe5 Rxd1+ 21.Rxd1 Nd7 22.Bxc6 bxc6
23.Nxh7 Rd8 24.Ng5 Nxe5 25.Rxd8+ Qxd8 26.Qa6+ Kb8 27.Nge4 Qb6 28.Qf1 Nhg6
29.b3 Qb4 30.Qf2 Qa3+ 31.Kb1 Qa5 32.Bd2 Qd8 33.Be3 Qa5 34.Bd2 Qd8 35.Be3 Qa5  1/2-1/2

[Event "8th ch-Euro"]
[Site "Dresden GER"]
[Date "2007.04.06"]
[Round "4"]
[White "Jorczik,J"]
[Black "Maiwald,JU"]
[Result "1-0"]
[WhiteElo "2294"]
[BlackElo "2489"]

1.d4 d6 2.e4 Nf6 3.Nc3 c6 4.Bg5 Nbd7 5.f4 h6 6.Bxf6 Nxf6 7.e5 Nd5 8.Nxd5 cxd5
9.Bd3 Qb6 10.h3 g5 11.Ne2 gxf4 12.Nxf4 dxe5 13.Nxd5 Qa5+ 14.Nc3 Bd7 15.Qh5 Bg7
16.O-O O-O 17.Kh1 e6 18.Rf6 Qb4 19.Raf1 Qxd4 20.Rxf7 Be8 21.Rxf8+ Bxf8 22.Qf3 Bg7
23.Qxb7 Rd8 24.Ne4 Kh8 25.Nd6 Rxd6 26.Rf8+  1-0

[Event "18th Pobeskydi Chance Cup"]
[Site "Frydek Mistek CZE"]
[Date "2007.04.06"]
[Round "4"]
[White "Macicek,Jan2"]
[Black "Bury,R"]
[Result "1-0"]
[WhiteElo "1986"]
[BlackElo "2140"]

1.e4 c6 2.d4 d6 3.Nc3 Nf6 4.Be3 Qa5 5.Qd2 e5 6.f3 Be7 7.g4 b5 8.Nge2 b4 9.Nd1 Nbd7
10.Ng3 exd4 11.Bxd4 Ne5 12.Be2 Ba6 13.Nf5 Bxe2 14.Qxe2 g6 15.Nfe3 c5 16.Bxe5 dxe5
17.Nc4 Qc7 18.Nde3 Rd8 19.Rd1 O-O 20.O-O Rxd1 21.Rxd1 Rd8 22.Rd3 Rd4 23.c3 bxc3
24.bxc3 Rxd3 25.Qxd3 Nd7 26.Nd5 Qd8 27.Kg2 Bh4 28.Nde3 Qc7 29.Qd5 Be1 30.Nd6 Nb6
31.Qxe5 Bxc3 32.Qe8+ Kg7 33.Nef5+ gxf5 34.Nxf5+ Kf6 35.Qh8+ Ke6 36.Qxc3 Qe5
37.Qd2 Nd7 38.a3 c4 39.Qh6+ Qf6 40.Qxf6+ Nxf6 41.Kf2 c3 42.Ke3 h5 43.Ng7+ Ke7
44.Nxh5 Nd7 45.Nf4 c2 46.Nd3 Ne5 47.Nc1 Kf6 48.h4 Nc4+ 49.Kf4 Nxa3 50.Ke3 Nc4+
51.Kd4 Ne5 52.Ke3 Nc4+ 53.Kf4 a5 54.h5 a4 55.g5+ Kg7 56.e5 Nd2 57.Ke3 Nc4+
58.Kd4 Na3 59.Kd3 Nb5 60.f4 Nc7 61.Kxc2 Ne6 62.Nd3 Kh7 63.Kb2 Ng7 64.h6 Ne6
65.Ka3 Kg6 66.f5+ Kxf5 67.h7 Nxg5 68.h8=Q  1-0

[Event "Kaupthing GM"]
[Site "Reykjavik ISL"]
[Date "2007.04.06"]
[Round "4"]
[White "Thorfinnsson,Br"]
[Black "Shaw,J"]
[Result "1/2-1/2"]
[WhiteElo "2384"]
[BlackElo "2441"]

1.e4 d6 2.d4 Nf6 3.Nc3 e5 4.Nf3 Nbd7 5.Bc4 Be7 6.dxe5 Nxe5 7.Nxe5 dxe5 8.Qe2 c6
9.Bd2 O-O 10.f3 Nd7 11.Nd1 b5 12.Bd3 Nc5 13.Nf2 Be6 14.O-O Qc7 15.Rfc1 Rfd8
16.Qe1 a5 17.a4 b4 18.Bf1 Rd7 19.g3 Rad8 20.Be3 h6 21.Be2 Nb7 22.Rd1 Bc5
23.Bxc5 Nxc5 24.b3 Kf8 25.Rxd7 Rxd7 26.Rd1 Rxd1 27.Qxd1 Ke7 28.Nd3 Qd6 29.Nb2 Qxd1+
30.Bxd1 Nd7 31.Kf2 Nb6 32.Be2 Kd6 33.Ke3 g5 34.g4 f6 35.Bf1 Bf7 36.h3 h5
37.Be2 h4 38.Bf1 Be6 39.Bc4 Bc8 40.Be2 Kc7 41.Nc4 Nxc4+ 42.Bxc4 Kb6 43.Ke2 c5  1/2-1/2

[Event "8th ch-Euro"]
[Site "Dresden GER"]
[Date "2007.04.07"]
[Round "5"]
[White "Stips,F"]
[Black "Leiber,B"]
[Result "0-1"]
[WhiteElo "1964"]
[BlackElo "2172"]

1.e4 c6 2.d4 d6 3.Nc3 Nf6 4.f3 Nbd7 5.Be3 e5 6.Nge2 Be7 7.Qd2 O-O 8.O-O-O b5
9.g4 a5 10.d5 b4 11.dxc6 Nb6 12.Nd5 Nfxd5 13.exd5 Nc4 14.Qd3 Nxe3 15.Qxe3 Bg5
16.f4 exf4 17.Qf3 h5 18.gxh5 Re8 19.Kb1 Qf6 20.h4 Bh6 21.Nc1 Re3 22.Qf2 f3
23.Bc4 Qf4 24.Bb5 a4 25.Nd3 Qe4 26.Qg3 b3 27.Rhe1 bxc2+ 28.Kxc2  0-1

[Event "9th Open"]
[Site "Foxwoods USA"]
[Date "2007.04.07"]
[Round "7"]
[White "Rensch,D"]
[Black "Harper,W"]
[Result "1-0"]
[WhiteElo "2382"]
[BlackElo "2195"]

1.e4 d6 2.d4 Nf6 3.Nc3 Nbd7 4.Nf3 e5 5.h3 c6 6.a4 Be7 7.Be2 Qc7 8.O-O O-O
9.Re1 b6 10.b3 Bb7 11.Ba3 Rfe8 12.Qd2 exd4 13.Nxd4 g6 14.Bf1 Bf8 15.Rad1 Nc5
16.Bb2 Bg7 17.f3 Rad8 18.Qf2 a6 19.b4 Ncd7 20.b5 cxb5 21.axb5 a5 22.Nc6 Bxc6
23.bxc6 Qxc6 24.Bb5 Qc7 25.Ba4 Nxe4 26.Rxe4 Rxe4 27.Nxe4 Bxb2 28.c3 Ba3 29.Bxd7 Rxd7
30.Nf6+ Kf8 31.Nxd7+ Qxd7 32.Qxb6 Qa4 33.Qb1 Qc4 34.Qd3 Bc5+ 35.Kf1 Qf4 36.Qe4 Qh2
37.f4 Qg1+ 38.Ke2 Qf2+ 39.Kd3 Kg7 40.Qf3 Qa2 41.f5 gxf5 42.Rf1 Qe6 43.Qxf5 Qxf5+
44.Rxf5 a4 45.Rf4 a3 46.Ra4 Kg6 47.Ke4 Kg5 48.Ra8 f5+ 49.Kf3 Kf6 50.Kf4 Ke6
51.Ra4 h6 52.Kf3 Kf6 53.Ke2 Kg5 54.Kd3 h5 55.g3 Bf2 56.Rxa3 Bxg3 57.Ra4 f4
58.Ke4 Kh4 59.Kf3 Kxh3 60.Rd4 Be1 61.Rd1  1-0

[Event "1st Archil Ebralidze Mem"]
[Site "Tbilisi GEO"]
[Date "2007.04.07"]
[Round "7"]
[White "Bagaturov,G"]
[Black "Harutjunyan,G"]
[Result "1-0"]
[WhiteElo "2478"]
[BlackElo "2404"]

1.d4 d6 2.e4 Nf6 3.Nc3 c6 4.Nf3 g6 5.Be2 Bg7 6.O-O O-O 7.Bf4 Nbd7 8.h3 Qb6
9.Rb1 Rd8 10.Qd2 e5 11.Be3 exd4 12.Nxd4 Nc5 13.Bf3 a5 14.Rfd1 Qa6 15.Nf5 gxf5
16.Bxc5 Qc4 17.Bd4 fxe4 18.Qg5 h6 19.Qg3 Ne8 20.Nxe4 Bf5 21.Bxg7 Nxg7 22.Nxd6 Qe6
23.Nxb7 Rxd1+ 24.Rxd1 Qxa2 25.Bxc6 Bxc2 26.Re1 Qxb2 27.Nd6 Rf8 28.Bd5 a4
29.Nxf7 Rxf7 30.Re8+ Kh7 31.Bxf7 a3 32.Bg8+ Kh8 33.Bc4+  1-0

[Event "ch-DEN"]
[Site "Aalborg DEN"]
[Date "2007.04.08"]
[Round "9"]
[White "Sahl,Bj"]
[Black "Boe,M"]
[Result "1/2-1/2"]
[WhiteElo "2381"]
[BlackElo "2351"]

1.e4 d6 2.d4 Nf6 3.Nc3 e5 4.Nf3 Nbd7 5.Bc4 Be7 6.a4 O-O 7.O-O c6 8.Ba2 Qc7
9.Re1 b6 10.Nh4 exd4 11.Nf5 dxc3 12.Nxe7+ Kh8 13.b4 a5 14.Nf5 Ne5 15.Qxd6 Qxd6
16.Nxd6 Be6 17.f4 Ned7 18.e5 Ne8 19.bxa5 Rxa5 20.Nxf7+ Bxf7 21.Bxf7 Rxf7
22.e6 Rf8 23.exd7 Nf6 24.Re3 Rd8 25.Rxc3 c5 26.Bb2 Rxd7 27.Rb3 Rd6 28.Be5 Rc6
29.Rb5 Ra6 30.a5 h6 31.axb6 Raxb6 32.Ra8+ Kh7 33.Rxb6 Rxb6 34.Rc8 Rb1+ 35.Kf2 Rc1
36.c3 Ng4+ 37.Kf3 Nxe5+ 38.fxe5 Rxc3+ 39.Ke4 Kg6 40.Kd5 Rd3+ 41.Ke6 Rd2 42.Rc6 Rxg2
43.Kd7+ Kf5 44.e6 Rxh2 45.e7 Re2 46.Rxc5+ Kf4 47.Rc6 Kf5 48.e8=Q Rxe8 49.Kxe8 g5
50.Kf7 g4 51.Rc5+ Kf4 52.Kg6  1/2-1/2

[Event "8th ch-Euro w"]
[Site "Dresden GER"]
[Date "2007.04.08"]
[Round "6"]
[White "Rudolph,A"]
[Black "Stepovaia,T"]
[Result "1/2-1/2"]
[WhiteElo "2187"]
[BlackElo "2360"]

1.e4 d6 2.d4 Nf6 3.Nc3 e5 4.dxe5 dxe5 5.Qxd8+ Kxd8 6.Bg5 Be6 7.O-O-O+ Nd7
8.f4 exf4 9.Nf3 h6 10.Bxf4 c6 11.Nd4 Bb4 12.e5 Nd5 13.Nxd5 cxd5 14.Be2 a6
15.Bf3 Nb6 16.g4 Kc7 17.c3 Bc5 18.Rd3 Rad8 19.Rhd1 Kb8 20.Nf5 g5 21.Be3 Bxe3+
22.Nxe3 Rhe8 23.h3 Nd7 24.Bxd5 Nxe5 25.R3d2 Bxd5 26.Rxd5 Rxd5 27.Rxd5 Kc7
28.Nf5 f6 29.Kc2 Nd7 30.b4 Rh8 31.Ng7 Kc6 32.Rf5 Kd6 33.a4 Rg8 34.Nh5 Ke6
35.Kb3 Kf7 36.Rd5 Rd8 37.c4 b6 38.a5 bxa5 39.Rxa5 Nb8 40.Rd5 Re8 41.Rd6 Re3+
42.Ka4 Rxh3 43.Rxf6+ Ke7 44.Rxh6 Rc3 45.c5 Rc4 46.Rb6 Nd7 47.Rxa6 Nxc5+ 48.Kb5 Rxb4+
49.Kxc5 Rxg4 50.Kd5 Rg1 51.Ra7+ Kd8 52.Nf6 g4 53.Rd7+ Kc8 54.Rg7 g3  1/2-1/2

[Event "8th ch-Euro"]
[Site "Dresden GER"]
[Date "2007.04.08"]
[Round "6"]
[White "Fernandes,An"]
[Black "Dinger,F"]
[Result "0-1"]
[WhiteElo "2452"]
[BlackElo "2286"]

1.d4 d6 2.e4 Nf6 3.Nc3 e5 4.Nge2 Be7 5.g3 O-O 6.Bg2 c6 7.a4 b6 8.O-O Bb7
9.h3 h5 10.Be3 a6 11.f4 Nbd7 12.d5 Qc7 13.Qd2 b5 14.a5 Rac8 15.b4 Rfe8 16.dxc6 Qxc6
17.Rab1 Qc4 18.Qd3 Bf8 19.f5 d5 20.Nxd5 Nxd5 21.exd5 Bxb4 22.f6 Bc5 23.Bxc5 Qxc5+
24.Rf2 Nxf6 25.Rf1 Bxd5 26.c3 Bc4 27.Qc2 e4 28.Kh2 Bd3  0-1

[Event "8th ch-Euro"]
[Site "Dresden GER"]
[Date "2007.04.08"]
[Round "6"]
[White "Guseinov,G"]
[Black "Kunin,V"]
[Result "1/2-1/2"]
[WhiteElo "2585"]
[BlackElo "2507"]

1.e4 d6 2.d4 Nf6 3.Nc3 e5 4.Nf3 Nbd7 5.Bc4 Be7 6.O-O O-O 7.a4 c6 8.Ba2 h6
9.h3 Re8 10.Be3 Bf8 11.Re1 b6 12.Nh4 exd4 13.Bxd4 Bb7 14.Ng6 c5 15.Bxf6 Qxf6
16.Nxf8 Nxf8 17.Re3 Qe7 18.Nd5 Bxd5 19.Bxd5 Rab8 20.Qg4 Qe5 21.c3 Ne6 22.Rd1 Re7
23.Bc4 Nc7 24.Qh4 Rd7 25.Rg3 Rbd8 26.f4 Qxe4 27.Bd3 Qxa4 28.Rf1 Kf8 29.b3 Qxb3
30.f5 f6 31.Bc4 Qa4 32.Rg6 Ne8 33.Rg4 d5 34.Bxd5 Qxg4 35.Qxg4 Rxd5 36.Re1 Nd6
37.Qa4 Nxf5 38.Qxa7 Rd1 39.Rxd1 Rxd1+ 40.Kf2 Rd2+ 41.Kg1 Ne7 42.Qxb6 Rd5
43.Qb8+ Kf7 44.Qb3 h5 45.Qc4 Kf8 46.Qe4 Re5 47.Qa8+ Kf7 48.Qa2+ Kg6 49.Qb1+ Kh6
50.Qc1+ Kg6 51.Qb1+ Kh6  1/2-1/2

[Event "18th Pobeskydi Chance Cup"]
[Site "Frydek Mistek CZE"]
[Date "2007.04.08"]
[Round "7"]
[White "Macicek,Jan2"]
[Black "Zadrapa,R"]
[Result "0-1"]
[WhiteElo "1986"]
[BlackElo "2147"]

1.e4 d6 2.d4 Nf6 3.Nc3 c6 4.Be3 Qa5 5.Qd2 e5 6.f3 Be7 7.g4 b5 8.Nge2 b4 9.Nd1 Qc7
10.Ng3 exd4 11.Bxd4 c5 12.Be3 Be6 13.Bb5+ Kf8 14.g5 Nfd7 15.f4 Nc6 16.O-O Bh3
17.Rf2 h5 18.Bf1 h4 19.Nf5 Bxf5 20.exf5 Nb6 21.Bg2 d5 22.f6 gxf6 23.gxf6 Bd6
24.Bxd5 Rd8 25.Rg2 Rh6 26.f5 Rxf6 27.Bh6+ Ke8 28.Bxc6+ Qxc6 29.Rg8+ Ke7 30.Qe2+ Kd7
31.Rxd8+ Kxd8 32.Bg5 Be7 33.Bxf6 Bxf6 34.c3 Kc7 35.a3 b3 36.Nf2 Qd5 37.Qe4 Qd2
38.Nd3 c4 39.Qf4+ Qxf4 40.Nxf4 Kd6 41.Kf2 Ke5 42.Ne2 Na4 43.Rb1 Ke4  0-1

[Event "8th ch-Euro w"]
[Site "Dresden GER"]
[Date "2007.04.09"]
[Round "7"]
[White "Dembo,Y"]
[Black "Klinova,M"]
[Result "1/2-1/2"]
[WhiteElo "2470"]
[BlackElo "2330"]

1.e4 d6 2.d4 Nf6 3.Nc3 e5 4.dxe5 dxe5 5.Qxd8+ Kxd8 6.Bg5 c6 7.O-O-O+ Nd7
8.f4 h6 9.Bxf6+ gxf6 10.fxe5 fxe5 11.Bc4 f6 12.Nge2 b5 13.Be6 Ke7 14.Bf5 h5
15.b4 Rg8 16.Bh3 a5 17.a3 axb4 18.axb4 Nb6 19.Bxc8 Bh6+ 20.Kb1 Rgxc8 21.Nc1 Nc4
22.Nb3 Na3+ 23.Kb2 Nc4+ 24.Kb1 Na3+ 25.Kb2  1/2-1/2

[Event "8th ch-Euro"]
[Site "Dresden GER"]
[Date "2007.04.09"]
[Round "7"]
[White "Geske,J"]
[Black "Jorczik,J"]
[Result "1/2-1/2"]
[WhiteElo "2176"]
[BlackElo "2316"]

1.e4 d6 2.d4 Nf6 3.Nc3 e5 4.Nf3 Nbd7 5.Bc4 Be7 6.O-O O-O 7.Re1 c6 8.a4 b6
9.b3 a6 10.Bb2 Qc7 11.Bd3 Bb7 12.Ne2 Rfe8 13.Ng3 Bf8 14.c4 Rad8 15.Rc1 g6
16.Qd2 Ng4 17.Qg5 Bc8 18.Rcd1 Ngf6 19.Bb1 Bg7 20.h3 exd4 21.Bxd4 c5 22.Bc3 Bb7
23.Qd2 Ne5 24.Nh2 Nc6 25.Nf3 Ne5 26.Nh2 h5 27.Qg5 Nh7 28.Qf4 h4 29.Ngf1 Bf6
30.Nf3 Qe7 31.N1h2 Ng5 32.Bd2 Ne6 33.Qe3 Bg7 34.Bc1 Bc6 35.Re2 b5 36.axb5 axb5
37.Nxe5 dxe5 38.Rxd8 Rxd8 39.cxb5 Bxb5 40.Rd2 Ra8 41.Bd3 Bxd3 42.Qxd3 Bh6
43.Rd1 Bxc1 44.Rxc1 Qg5 45.Rd1 Rd8 46.Qf3 Nd4 47.Qd3 Kg7 48.Rb1 Ne6 49.Qf3 Nf4
50.Qg4 Qxg4 51.Nxg4 Ne2+ 52.Kf1 Nc3 53.Rc1 Nxe4 54.Nxe5 Nd2+ 55.Kg1 Rd5 56.Nc4 Nxb3
57.Rc3 Nd4 58.Kf1 Ne6 59.Ne3 Rd2 60.Rc4 g5 61.g3 hxg3 62.fxg3 Kg6 63.h4 gxh4
64.Rxh4 f5 65.Rc4 Kg5 66.Ke1 Ra2 67.Kf1 Kf6 68.Ke1 Ke5 69.Kf1 Rh2 70.Ke1 Nd4
71.Rxc5+ Ke4 72.Nxf5 Nxf5 73.Rc3 Ne3 74.Rc8 Ra2 75.Re8+ Kf3 76.Rf8+ Kg2 77.g4 Nd5
78.Kd1 Nc3+ 79.Kc1 Ne4 80.Rc8 Kf3 81.Rc2 Ra8 82.Kb2 Ke3 83.Rc7  1/2-1/2

[Event "8th ch-Euro"]
[Site "Dresden GER"]
[Date "2007.04.09"]
[Round "7"]
[White "Beck,F"]
[Black "Leiber,B"]
[Result "1/2-1/2"]
[WhiteElo "2334"]
[BlackElo "2190"]

1.e4 d6 2.d4 Nf6 3.Nc3 c6 4.f4 Qa5 5.Bd3 e5 6.Nf3 Nbd7 7.O-O Be7 8.Kh1 Qc7
9.Qe1 b6 10.fxe5 dxe5 11.dxe5 Nxe5 12.Qg3 Nfg4 13.Bf4 Bd6 14.Nxe5 Bxe5 15.Bxe5 Qxe5
16.Rf4 Nh6 17.Bc4 g5 18.Rf3 Qxg3 19.hxg3 Ke7 20.e5 Bf5 21.Raf1 Bg6 22.Rf6 Rac8
23.Be2 Rhd8 24.Bf3 Rd2 25.Bxc6 Ng4 26.Nd5+ Rxd5 27.Bxd5 Ne3 28.Rxf7+ Bxf7
29.Rxf7+ Ke8 30.Bb3 Rxc2 31.Bxc2 Kxf7 32.Bb3+ Ke7 33.Kg1 Ng4 34.e6 Ne5 35.Kf2 Nd3+
36.Ke3 Nxb2 37.Kd4 b5 38.Kc5 Nc4 39.Kxb5 Ne3 40.Ka6 Nxg2 41.Kxa7 h5 42.Kb6 Ne3
43.Kc5 h4 44.gxh4 gxh4 45.Kd4 Nf5+ 46.Ke5 Nd6 47.a4 h3 48.Bd5 h2 49.Bh1 Nc4+
50.Kd4 Na5 51.Kd5 Nb7 52.Kc6 Na5+ 53.Kb5 Nb3 54.Kc4 Nd2+ 55.Kc3 Nf1 56.a5 Ng3
57.Bg2 Ne2+ 58.Kc4 Nf4 59.Bh1 Nxe6 60.Kb5 Kd6 61.Kb6 Nc5 62.Bg2 Nd7+ 63.Kb5 Kc7
64.Bh1 Kb8 65.Kc6 Ka7 66.Kxd7  1/2-1/2

[Event "8th ch-Euro w"]
[Site "Dresden GER"]
[Date "2007.04.11"]
[Round "8"]
[White "Vajda,S"]
[Black "Khukhashvili,S"]
[Result "1/2-1/2"]
[WhiteElo "2407"]
[BlackElo "2334"]

1.e4 d6 2.d4 Nf6 3.Nc3 e5 4.Nf3 Nbd7 5.Bc4 Be7 6.O-O O-O 7.Re1 c6 8.a4 b6
9.b3 a6 10.Bb2 Rb8 11.Bd3 Re8 12.Ne2 Bf8 13.Ng3 b5 14.axb5 axb5 15.h3 Qc7
16.c4 bxc4 17.Bxc4 h6 18.Qc2 exd4 19.Bxd4 Ne5 20.Nxe5 dxe5 21.Be3 Be6 22.Ra7 Rb7
23.Rea1 Bxc4 24.Qxc4 c5 25.Ra8 Reb8 26.Rxb8 Qxb8 27.Bxc5 Bxc5 28.Qxc5 Rxb3
29.Ra7 Rxg3 30.fxg3 Nxe4 31.Qe7 Qb3 32.Ra8+ Kh7 33.Qxe5 Nxg3 34.Ra1 f6 35.Qe1 f5
36.Kh2 Ne4 37.Rb1 Qd5 38.Qe3 Qe5+ 39.g3 h5 40.Qf4 Qa5 41.Rf1 Qa2+ 42.Kg1 Qa7+
43.Kh1 Qc5 44.Qf3 Qe5 45.Rg1 g6 46.h4 Nd2 47.Qg2 Qe3 48.Qb7+ Kh6 49.Qa8 Kh7
50.Ra1 Qe4+ 51.Qxe4 Nxe4 52.Kg2 Kg7 53.Kf3 Kf6 54.Ra6+ Kf7 55.Kf4 Kg7 56.Rb6 Kh7
57.Rb3 Kh6 58.Ke5 Kg7 59.Ra3 Kh7 60.Ke6 Kg7 61.Ra7+ Kg8 62.Ra8+ Kg7 63.Rc8 Kh7
64.Rc7+ Kg8 65.Ra7 Kf8 66.Ke5 Kg8 67.Kf4 Kh8 68.Ke5 Kg8 69.Ke6 Kf8 70.Ra8+ Kg7
71.Rb8 Nc5+ 72.Ke7 Ne4 73.Rf8 Nxg3 74.Rf7+ Kh6 75.Kf8 Ne4 76.Kg8 g5 77.Rxf5 gxh4
78.Rf4 Kg5 79.Rxe4 h3 80.Re2 Kg4 81.Kg7 h4 82.Kg6 Kg3 83.Kg5 h2 84.Rxh2 Kxh2
85.Kxh4  1/2-1/2

[Event "8th ch-Euro w"]
[Site "Dresden GER"]
[Date "2007.04.11"]
[Round "8"]
[White "Van Weersel,A"]
[Black "Velikhanli,F"]
[Result "0-1"]
[WhiteElo "2156"]
[BlackElo "2310"]

1.e4 d6 2.d4 Nf6 3.Nc3 c6 4.Nf3 Bg4 5.Be2 e6 6.Be3 Be7 7.a4 Bxf3 8.Bxf3 d5
9.O-O O-O 10.g3 Bb4 11.exd5 cxd5 12.Ne2 Nc6 13.Nf4 Rc8 14.Bg2 Na5 15.Nd3 Be7
16.Qe2 Nc4 17.Bf4 Qb6 18.c3 Rfe8 19.Rfb1 a5 20.Ne1 Nd6 21.Nd3 Qa6 22.Qd1 Nd7
23.Bf1 Qa7 24.Ne5 Nxe5 25.Bxe5 Nc4 26.Bf4 Qb6 27.b3 Nd6 28.c4 Ne4 29.Qd3 Bb4
30.c5 Qd8 31.f3 Nf6 32.Bd2 Bxd2 33.Qxd2 e5 34.b4 e4 35.fxe4 Nxe4 36.Qf4 Rc6
37.b5 Rf6 38.Qc1 Rf2 39.c6 Qf6 40.Qe3 bxc6 41.Bg2 Rc2 42.Rf1 Qd8 43.bxc6 Rxc6
44.Qf4 Rf6 45.Qg4 Qb6 46.Rad1 Rxf1+ 47.Bxf1 Qb3 48.Rd3 Qxa4 49.Qf5 Qc6 50.Rf3 Nd6
51.Qh5 g6 52.Qg5 Ne4 53.Qf4 Re7 54.Rb3 Kg7 55.g4 a4 56.Rh3 g5 57.Qf5 h6 58.Rd3 Qd6
59.h4 a3 60.hxg5 Nxg5 61.Rd2 Qg3+ 62.Kh1 Nf3  0-1

[Event "Reykjavik International"]
[Site "Reykjavik ISL"]
[Date "2007.04.11"]
[Round "1"]
[White "Bjornsson,T"]
[Black "Shaw,J"]
[Result "1/2-1/2"]
[WhiteElo "2204"]
[BlackElo "2441"]

1.e4 d6 2.d4 Nf6 3.Nc3 e5 4.dxe5 dxe5 5.Qxd8+ Kxd8 6.Bc4 Bb4 7.f3 Bxc3+ 8.bxc3 Be6
9.Bxe6 fxe6 10.Rb1 b6 11.Ne2 Nc6 12.Bg5 Ke7 13.Nc1 h6 14.Bh4 g5 15.Bf2 Nh5
16.Nd3 Nf4 17.g3 Ng6 18.h4 gxh4 19.gxh4 Nf4 20.Bg3 Rhg8 21.Bxf4 exf4 22.Kf2 e5
23.Nb4 Nxb4 24.cxb4 a5 25.b5 Rad8 26.Rbd1 Rxd1 27.Rxd1 Rg3 28.c4 Rh3 29.Kg2 Rxh4
30.c5 bxc5 31.Rd5 Rh5 32.Rxc5 Rg5+ 33.Kf2 Kd7 34.Rc6 h5 35.Rh6 a4 36.a3 Rg7
37.Rxh5 Kd6 38.Rh6+ Kc5 39.Re6 Kxb5 40.Rxe5+ Kc4 41.Rf5 c5 42.Rxf4 Kb3 43.Rf8 Rb7
44.Rc8 c4 45.Ke3 c3 46.e5 Kb2 47.e6 Rb6 48.e7 Re6+ 49.Kd3 Rxe7 50.Rb8+ Kxa3
51.Kxc3 Re3+ 52.Kc2 Rxf3 53.Ra8 Rb3 54.Ra7 Rb2+ 55.Kc1 Rb4 56.Ra8 Ka2 57.Ra7 a3
58.Rc7 Rb1+ 59.Kc2 Rh1 60.Rc8 Rh7 61.Kc1 Ka1 62.Rc5 a2 63.Rc8 Rb7 64.Rc6 Rb1+
65.Kc2 Rb5 66.Rc8 Rc5+ 67.Rxc5  1/2-1/2

[Event "8th ch-Euro"]
[Site "Dresden GER"]
[Date "2007.04.12"]
[Round "9"]
[White "Novikov,St"]
[Black "Fruebing,S"]
[Result "1-0"]
[WhiteElo "2556"]
[BlackElo "2343"]

1.d4 d6 2.e4 Nf6 3.Nc3 e5 4.Nge2 exd4 5.Nxd4 Be7 6.g3 d5 7.e5 Ng4 8.e6 Nf6
9.exf7+ Kxf7 10.Bg2 c6 11.O-O Re8 12.Nce2 Nbd7 13.c4 dxc4 14.Qc2 Nb6 15.Rd1 Bd6
16.Bg5 h6 17.Bf4 Bxf4 18.Nxf4 Qe7 19.b3 Kg8 20.bxc4 Bg4 21.Rd2 Rad8 22.h3 Bc8
23.Rad1 Qc5 24.Qg6 Qg5 25.Qb1 Nh7 26.c5 Nd5 27.Nxd5 cxd5 28.Nb5 Re1+ 29.Rxe1 Qxd2
30.Rd1 Qe2 31.Bxd5+ Kh8 32.Bf3 Rxd1+ 33.Qxd1 Qxd1+ 34.Bxd1 Bd7 35.Nxa7 Ng5
36.Bg4 Nxh3+ 37.Bxh3 Bxh3 38.a4 Kg8 39.Nb5 Bd7 40.f4 Kf7 41.Nc3 g5 42.fxg5 hxg5
43.Kf2 Kf6 44.a5 Ke5 45.Ke3 Bc6 46.Kd3 Bg2 47.Kc4 Bf1+ 48.Kb4 Kf5 49.Nb5 Kg4
50.Nd6 Ba6 51.Nxb7 Kxg3 52.c6 Kf4 53.Nc5 Bc8 54.a6  1-0

[Event "8th ch-Euro w"]
[Site "Dresden GER"]
[Date "2007.04.12"]
[Round "9"]
[White "Atnilov,Be"]
[Black "Benderac,A"]
[Result "1/2-1/2"]
[WhiteElo "2164"]
[BlackElo "2314"]

1.e4 d6 2.d4 Nf6 3.Nc3 e5 4.dxe5 dxe5 5.Qxd8+ Kxd8 6.Bc4 Be6 7.Bxe6 fxe6
8.f3 c6 9.Nh3 h6 10.Nf2 Nbd7 11.Nd3 Bd6 12.Bd2 Ke7 13.Nd1 b5 14.a4 a6 15.Ne3 c5
16.b3 Rhc8 17.axb5 axb5 18.Ke2  1/2-1/2

[Event "2nd Open"]
[Site "d'Angers FRA"]
[Date "2007.04.13"]
[Round "1"]
[White "Duval,M"]
[Black "Egreteau,E"]
[Result "0-1"]
[WhiteElo "1822"]
[BlackElo "2063"]

1.e4 d6 2.d4 Nf6 3.Nc3 Nbd7 4.f4 e5 5.dxe5 dxe5 6.f5 Bb4 7.Qf3 Bxc3+ 8.bxc3 O-O
9.Bd3 c6 10.Nh3 Qa5 11.Bd2 Rd8 12.O-O b6 13.Qg3 Kf8 14.Rfd1 Ba6 15.Nf2 Re8
16.Qf3 c5 17.Bxa6 Qxa6 18.g4 h6 19.h4 Qb7 20.g5 hxg5 21.hxg5 Ng8 22.c4 Rad8
23.Bc3 Qc7 24.Rd3 Nb8 25.Rad1 Nc6 26.Qg3 f6 27.Ng4 Qf7 28.Ne3 Nd4 29.Bb2 Ne2+  0-1

[Event "8th ch-Euro w"]
[Site "Dresden GER"]
[Date "2007.04.13"]
[Round "10"]
[White "Benderac,A"]
[Black "Vovinkina,N"]
[Result "1-0"]
[WhiteElo "2314"]
[BlackElo "2202"]

1.d4 d6 2.e4 Nf6 3.Nc3 c6 4.f3 Qa5 5.Be3 e5 6.Ne2 Be6 7.Nc1 Be7 8.Nb3 Qc7
9.Be2 a5 10.O-O a4 11.Nd2 a3 12.Nb3 axb2 13.Rb1 exd4 14.Bxd4 b5 15.Rxb2 Nbd7
16.g4 b4 17.Nb1 Nb6 18.c3 c5 19.Bf2 Na4 20.Rc2 Nxc3 21.Nxc3 bxc3 22.Qe1 Nd7
23.Qxc3 h5 24.Nd4 hxg4 25.f4 Bf6 26.Nb5 Qb8 27.Qd2 Ke7 28.Bg3 c4 29.f5 Ne5
30.Nc3 Bc8 31.Rb1 Qa7+ 32.Bf2 Qa3 33.Nb5 c3 34.Qd5 Qa6 35.Nc7 Qc6 36.Nxa8 Qxd5
37.exd5 Ba6 38.Bxa6 Rxa8 39.Be2 Ra5 40.Rb7+ Kf8 41.Bb5 g6 42.Rb8+ Kg7 43.a4  1-0

[Event "Reykjavik International"]
[Site "Reykjavik ISL"]
[Date "2007.04.13"]
[Round "3"]
[White "Lagermann,R"]
[Black "Shaw,J"]
[Result "0-1"]
[WhiteElo "2332"]
[BlackElo "2441"]

1.e4 d6 2.d4 Nf6 3.Nc3 e5 4.Nf3 Nbd7 5.Bc4 Be7 6.O-O O-O 7.Re1 a6 8.a4 b6
9.dxe5 dxe5 10.Nd5 Bb7 11.Bg5 Nxd5 12.Bxd5 c6 13.Ba2 Bxg5 14.Nxg5 Qe7 15.Qh5 Nf6
16.Qh4 h6 17.Nf3 c5 18.Qg3 Rfe8 19.Bd5 Nxd5 20.exd5 e4 21.c4 Qf6 22.Nd2 Qxb2
23.Rad1 f5 24.Qc7 Rab8 25.Nf1 Qf6 26.a5 b5 27.Qxc5 Rec8 28.Qa7 Ba8 29.cxb5 axb5
30.d6 Rd8 31.Ne3 f4 32.Nd5 Bxd5 33.Rxd5 e3 34.Qd4 exf2+ 35.Kxf2 Qh4+ 36.Kf1 Rd7
37.Rxb5 Rbd8 38.Rb6 Qxh2 39.a6 f3 40.Qd5+ Rf7 41.gxf3 Rc8 42.d7 Qh1+ 43.Ke2 Qg2+
44.Ke3 Rc3+ 45.Ke4 Qxf3+ 46.Kd4 Rd3+  0-1

[Event "8th ch-Euro"]
[Site "Dresden GER"]
[Date "2007.04.14"]
[Round "11"]
[White "Simacek,P"]
[Black "Eisenbeiser,A"]
[Result "1-0"]
[WhiteElo "2495"]
[BlackElo "2328"]

1.d4 d6 2.e4 Nf6 3.Nc3 e5 4.Nf3 Nbd7 5.Bc4 Be7 6.O-O O-O 7.a4 c6 8.Re1 b6
9.d5 cxd5 10.Bxd5 Nxd5 11.Nxd5 Bb7 12.b3 Nf6 13.Nxf6+ Bxf6 14.Ba3 Be7 15.c4 f5
16.Nd2 Bh4 17.Ra2 Qf6 18.Qe2 fxe4 19.g3 Qg6 20.Nxe4 Be7 21.Rd2 Bxe4 22.Qxe4 Qxe4
23.Rxe4 Rf3 24.Re3 Rxe3 25.fxe3 Rd8 26.Kf2 Kf7 27.e4 Ke6 28.Ke2 Rb8 29.Rd3 Rf8
30.Bb4 Rb8 31.Bd2 Rb7 32.Rf3 Rb8 33.Be3 Rb7 34.Rf1 Rd7 35.Kd3 Rb7 36.Kc3 Rd7
37.Ra1 Bd8 38.Kb4 a6 39.Rf1 Rb7 40.Kc3 b5 41.Rf8 bxa4 42.Rxd8 Rxb3+ 43.Kd2 Rb2+
44.Kd3 Rb3+ 45.Ke2 Rc3 46.c5 dxc5 47.Ra8 Rc2+ 48.Bd2 c4 49.Rxa6+ Kf7 50.Kd1 Ra2
51.Rc6 Ra1+ 52.Bc1 Ra2 53.Rxc4 Rxh2 54.Rxa4 h5 55.Bd2 h4 56.gxh4 Rxh4 57.Bc3 Ke6
58.Ke2 g5 59.Be1 Rh3 60.Ra6+ Kf7 61.Rc6 g4 62.Bc3 Rh2+ 63.Kf1 Ra2 64.Bxe5 Ra4
65.Rf6+ Ke7 66.Rf4 Ke6 67.Bg7  1-0

[Event "8th ch-Euro"]
[Site "Dresden GER"]
[Date "2007.04.14"]
[Round "11"]
[White "Figura,A"]
[Black "Jovanovic,Zo CRO"]
[Result "0-1"]
[WhiteElo "2416"]
[BlackElo "2529"]

1.d4 d6 2.e4 Nf6 3.Nc3 e5 4.Nf3 Nbd7 5.Bc4 Be7 6.O-O O-O 7.Re1 c6 8.a4 h6
9.b3 Re8 10.Bb2 Qc7 11.a5 Nf8 12.Nh4 N6h7 13.Qh5 Bg5 14.dxe5 dxe5 15.g3 Nf6
16.Qe2 Bxh4 17.gxh4 Ng6 18.Bc1 Nxh4 19.f3 Qd7 20.Qf2 Qh3 21.Re3 Ng6 22.Qg3 Nf4
23.Bf1 Qd7 24.Ba3 N6h5 25.Qf2 Qd8 26.b4 Bh3 27.Ree1 Bxf1 28.Kxf1 Qd7 29.Bc1 Qh3+
30.Kg1 Re6 31.Bxf4 exf4 32.Ne2 Rg6+ 33.Kh1 Ng3+ 34.Nxg3 fxg3 35.Qg2 Qh5 36.Rad1 gxh2
37.Qf2 Re8 38.Rd4 Ree6  0-1

[Event "Reykjavik International"]
[Site "Reykjavik ISL"]
[Date "2007.04.14"]
[Round "4"]
[White "Bergsson,Sn"]
[Black "Bjornsson,Si"]
[Result "1/2-1/2"]
[WhiteElo "2296"]
[BlackElo "2329"]

1.e4 d6 2.d4 Nf6 3.Nc3 e5 4.dxe5 dxe5 5.Qxd8+ Kxd8 6.Bg5 Be6 7.O-O-O+ Nd7
8.f4 exf4 9.Nf3 h6 10.Bxf4 Bc5 11.h3 Nh5 12.Bh2 Be3+ 13.Kb1 Bf4 14.g4 Bxh2
15.Rxh2 Nf4 16.Nd4 Ke7 17.Nf5+ Kf6 18.Rf2 g5 19.Nd4 Ke7 20.Nd5+ Bxd5 21.exd5 Ne5
22.Nf5+ Kd8 23.Re1 f6  1/2-1/2